书目信息 |
| 题名: |
怎样做好工程质量记录
|
|
| 作者: | 卫来贵 编著 | |
| 分册: | ||
| 出版信息: | 北京 中国建筑工业出版社 2004.07 |
|
| 页数: | 148页 | |
| 开本: | 26cm | |
| 丛书名: | ||
| 单 册: | ||
| 中图分类: | TU712 | |
| 科图分类: | ||
| 主题词: | 建筑工程--工程质量--记录 | |
| 电子资源: | ||
| ISBN: | 7-112-06725-1 | |
| 000 | 00779nam0 2200217 450 | |
| 001 | 010232450984 | |
| 005 | 20050922155628.46 | |
| 010 | @a7-112-06725-1@dCNY18.00 | |
| 100 | @a20050725d2004 km y0chiy0120 ea | |
| 101 | 0 | @achi |
| 102 | @aCN@b110000 | |
| 105 | @ay z 000yy | |
| 200 | 1 | @a怎样做好工程质量记录@Azen yang zuo hao gong cheng zhi liang ji lu@f卫来贵编著@Fwei lai gui bian zhu |
| 210 | @a北京@c中国建筑工业出版社@d2004.07 | |
| 215 | @a148页@d26cm | |
| 330 | @a本书共分七章,系统介绍了做好工程质量记录工作的基本思路和方法。主要内容包括质量记录填写基本要求、性能指标检测试验记录、隐蔽工程检查记录等。 | |
| 606 | 0 | @a建筑工程@x工程质量@x记录 |
| 690 | @aTU712@v4 | |
| 701 | 0 | @a卫来贵@Awei lai gui@4编著 |
| 801 | 0 | @aCN@bQSSK@c20050922 |
| 905 | @a10447@dTU712@eW552 | |
| 怎样做好工程质量记录/卫来贵编著.-北京:中国建筑工业出版社,2004.07 |
| 148页;26cm |
| ISBN 7-112-06725-1:CNY18.00 |
| 本书共分七章,系统介绍了做好工程质量记录工作的基本思路和方法。主要内容包括质量记录填写基本要求、性能指标检测试验记录、隐蔽工程检查记录等。 |
| ● |
| 相关链接 |
|
|
|
正题名:怎样做好工程质量记录
索取号:TU712/W552
 
预约/预借
| 序号 | 登录号 | 条形码 | 馆藏地/架位号 | 状态 | 备注 |
| 1 | 526401 | 205264015 | 建筑库201/201建筑库 21排1列4层/ [索取号:TU712/W552] | 在馆 | |
| 2 | 526402 | 205264024 | 建筑库201/201建筑库 21排1列4层/ [索取号:TU712/W552] | 在馆 | |
| 3 | 526403 | 205264033 | 建筑库201/201建筑库 21排1列4层/ [索取号:TU712/W552] | 在馆 |